| 000 | 00466nam a2200169Ia 4500 | ||
|---|---|---|---|
| 008 | 230917s9999||||xx |||||||||||||| ||und|| | ||
| 020 | _cRS 600.00 | ||
| 040 |
_e5003689 _aMAIN |
||
| 041 | _aEnglish | ||
| 082 | _a371.903 S64D | ||
| 100 | _aSingh, Seema | ||
| 245 | 0 | _aDictionary of special education | |
| 260 |
_aNew Delhi _bKanishka Publishers, Distributors _c2023 |
||
| 300 | _a175 p. | ||
| 500 | _a5055 31/01/2023 KPD23/620 01/02/2023 Main Budget | ||
| 942 | _cBK | ||
| 999 |
_c8765 _d8765 |
||